00583nam a2200169Ia 4500008004100000020001800041041000800059082001600067100001400083245005500097250000600152260005100158300000800209650004700217999001900264952013000283210716s2014 xx 000 0 und d a9788122435634 aeng a519.82 MEDJ aMedhi, J. aIntroduction to queueing systems and applications. a1 aNew DelhibNew Age International Pvt Ltdc2014 a133 aProbabilities and applied mathematics(519) c197344d197344 001040708MCAaAIMITbAIMITeKnowledge Worldg499.00l0o519.82 MEDJpMCA16863r2025-07-21 00:00:00v374.25w2021-07-16yBK